100 Health Tips / (Record no. 195401)

MARC details
000 -LEADER
fixed length control field 00524nam a22001937a 4500
005 - DATE AND TIME OF LATEST TRANSACTION
control field 20230327144042.0
010 ## - LCCN (DPL NO)
LC control number ENG-136505
020 ## - INTERNATIONAL STANDARD BOOK NUMBER
International Standard Book Number 9788190569910
Terms of availability 250.00
035 ## - SYSTEM CONTROL NUMBER
System control number EN-120037
037 ## - SOURCE OF ACQUISITION
Source of stock number/acquisition DBAD/PUB
082 ## - DEWEY DECIMAL CLASSIFICATION NUMBER
Classification number 641.563
100 ## - MAIN ENTRY--PERSONAL NAME
Personal name Sethi,N
245 ## - TITLE STATEMENT
Title 100 Health Tips /
Statement of responsibility, etc By N Sethi
250 ## - EDITION STATEMENT
Edition statement First
260 ## - PUBLICATION, DISTRIBUTION, ETC. (IMPRINT)
Place of publication, distribution, etc Uttar Pradesh
Name of publisher, distributor, etc NOida Book Publishing
Date of publication, distribution, etc 2010
270 ## - ADDRESS
Address B-114 Sector-55 Noida
City Uttar Pradesh
300 ## - PHYSICAL DESCRIPTION
Extent 191p.;
Dimensions 20cm(hbk)
942 ## - ADDED ENTRY ELEMENTS (KOHA)
Source of classification or shelving scheme Dewey Decimal Classification
Item type English Books
Classification part 641.563
Call number suffix SET
Holdings
Withdrawn status Lost status Not for loan Collection code Home library Current library Date acquired Source of acquisition Cost, normal purchase price Full call number Barcode Copy number Cost, replacement price Koha item type
    Not For Loan Non-fiction D.B.Act.Division D.B.Act.Division 27/03/2023 DBAD/PUB 250.00 641.563 SET EN-120037 1 250.00 English Books

© Delhi Public Library
Hit Counter
free hit counter